Normal view
MARC view
Entry Geographic Name
001 - CONTROL NUMBER
- control field: 77149
003 - CONTROL NUMBER IDENTIFIER
- control field: OSt
005 - DATE AND TIME OF LATEST TRANSACTION
- control field: 20191116123226.0
008 - FIXED-LENGTH DATA ELEMENTS
- fixed length control field: 191116|| aca||aabn | a|a d
040 ## - CATALOGING SOURCE
- Original cataloging agency: OSt
- Transcribing agency: OSt
151 ## - HEADING--GEOGRAPHIC NAME
- Geographic name: नाटय् साहित्य
670 ## - SOURCE DATA FOUND
- Source citation: Work cat.: (OSt): कौडा ,डॉ स्वामी 77148, नाटककार मोहन राकेश , 2018









